Minnesota General Knowledge - Statistics

General Stats
  • This quiz has been taken 176 times
  • The average score is 11 of 15
Answer Stats
Hint Answer % Correct
Largest city in Minnesota, known for its parks and lakes Minneapolis
98%
Capital and second largest city, known for its history Saint paul
97%
Large port city on Lake Superior, known for its bridge Duluth
95%
Major NFL team for Minnesota, HQed in Minneapolis Vikings
92%
Largest mall in the United States, located in above city Mall of America
91%
Famous singer/songwriter born and raised in Minneapolis Prince
89%
Nickname for the Minneapolis-Saint Paul Metropolis Twin Cities
85%
Major department store company HQed in Minneapolis Target
84%
Large city in southern Minnesota, second largest city Rochester
77%
Nobel Prize winner and singer/songwriter from Duluth Bob Dylan
70%
Major suburb of Minneapolis-Saint Paul, located on a river Bloomington
65%
Major consumer electronics company HQed in Richfield Best Buy
58%
State nickname: _____ ____ State North Star
53%
National park on the Canada border, known for its forests Voyageurs
40%
State park on St. Croix River in Washington County Afton
9%
No matching quizzes found
Score Distribution
Percent of People with Each Score
Percentile by Number Answered
Your Score History
You have not taken this quiz